Central Library OPAC University of Rajshahi

Basic and agricultural biotechnology / (Record no. 37671)

MARC details
000 -LEADER
fixed length control field 00665nam a22002297a 4500
001 - CONTROL NUMBER
control field 37671
003 - CONTROL NUMBER IDENTIFIER
rucl marc code BD-RjUL
005 - DATE AND TIME OF LATEST TRANSACTION
control field 20211209052632.0
008 - FIXED-LENGTH DATA ELEMENTS--GENERAL INFORMATION
fixed length control field 150206s1993 ii ||||| |||| 00| 0 eng d
035 ## - SYSTEM CONTROL NUMBER
System control number (BD-RjUL)
040 ## - CATALOGING SOURCE
Original cataloging agency BD-RjUL
Language of cataloging eng
Transcribing agency BD-RjUL
041 ## - LANGUAGE CODE
Language code of text/sound track or separate title eng
082 ## - DEWEY DECIMAL CLASSIFICATION NUMBER
Classification number 631
100 ## - MAIN ENTRY--PERSONAL NAME
Personal name Purohit, S.S.
9 (RLIN) 115018
245 ## - TITLE STATEMENT
Title Basic and agricultural biotechnology /
Statement of responsibility, etc. S.S. Purohit, P.R. Kothari, S.K. Mathur.
260 ## - PUBLICATION, DISTRIBUTION, ETC. (IMPRINT)
Place of publication, distribution, etc. Bikaner :
Name of publisher, distributor, etc. Agro Botanical Publishers,
Date of publication, distribution, etc. 1993
300 ## - PHYSICAL DESCRIPTION
Pagination 596 p. ;
Size 23 cm.
650 ## - SUBJECT ADDED ENTRY--TOPICAL TERM
Topical term or geographic name as entry element Agricultural biotechnology.
9 (RLIN) 115149
700 ## - ADDED ENTRY--PERSONAL NAME
Personal name Kothari, P.R.
Personal name Mathur, S.K.
942 ## - ADDED ENTRY ELEMENTS (KOHA)
Source of classification or shelving scheme Dewey Decimal Classification
Koha item type Books
Holdings
Lost status Source of classification or shelving scheme Damaged status Not for loan Permanent Location Current Location Shelving location Date acquired Total Checkouts Full call number Date last seen Copy number Koha item type
  Dewey Decimal Classification   Not For Loan Institute of Biological Sciences (IBSc) Library Institute of Biological Sciences (IBSc) Library   06/02/2015   631 PUB 1993 06/02/2015 C-1 Books